|
|
|
|
| LEADER |
00000nab a2200000 a 4500 |
| 001 |
vtls011122668 |
| 003 |
SK-MaSNL |
| 005 |
20260303151154.0 |
| 008 |
230222|2011 xo |||||||||||||||||eng| |
| 015 |
|
|
|a SNBRB
|
| 035 |
|
|
|a (uuid)bb42d542-1c8d-45b9-88b8-5a4a3eb45987
|
| 035 |
|
|
|a (urnnbn)urn:nbn:sk:snk:ar-a08x4v
|
| 035 |
|
|
|a urn:nbn:sk:snk-ab9unt
|
| 040 |
|
|
|a SNKBUCL
|b slo
|c SNKBUCL
|e AACR2
|
| 041 |
0 |
|
|a eng
|
| 044 |
|
|
|a xo
|c SK
|
| 100 |
1 |
|
|a Výrostková, Anna
|4 aut
|9 791429
|
| 245 |
1 |
0 |
|a DEGRADATION OF 0.5Cr-0.5Mo-0.25V STEEL MICROSTRUCTURE DURING EXPLOITATION
|c Anna Výrostková, Ján Kepič, Roman Macko, Viera Homolová
|
| 700 |
1 |
|
|a Kepič, Ján
|4 aut
|9 1170370
|
| 700 |
1 |
|
|a Macko, Roman
|4 aut
|9 1170371
|
| 700 |
1 |
|
|a Homolová, Viera
|4 aut
|9 1170372
|
| 773 |
0 |
|
|t Materiálové inžinierstvo
|g Roč. 18, č. 2 (2011), s. 73-78
|
| 958 |
|
|
|a OND
|
| 958 |
|
|
|a EUIPO
|
| 958 |
|
|
|a article13
|
| 999 |
|
|
|c 2016509
|d 2018439
|